Medzilaborce

Zobrazenie: V bielom orámovaní pohľady na dominanty Medzilaboriec

Bibliographic Details
Format: Photo
Language:Slovak
PhysicalDescription:1 pohľadnica (5 čiastkových pohľadov) čiernobiela 9 x 14 cm
Published: [Humenné] Humenské fotolaboratorium Gossanyi 1941
Subjects:

MARC

LEADER 00000nkm a2200000 a 4500
001 vtls011967736
003 SK-MaSNL
005 20260301104049.0
007 kf bo
008 231120s1941 xo g kuslo
015 |a SNBG1941 
035 |a urn:nbn:sk:snk-km00e9h1 
035 |a urn:nbn:sk:snk-km43hp7 
035 |a E8E41DFF-F9D4-4A4D-B2E1-165B2FEEBFCC 
040 |a SNK  |b slo  |c SNK  |e AACR2 
041 0 |a slo 
043 |a e-xo--- 
044 |a xo  |c SK 
072 7 |a 913  |x Regionálna geografia  |2 konspekt 
080 |a 913(437.6)  |2 2011 
080 |a (084.121)  |2 2011 
245 0 0 |a Medzilaborce  |h grafika 
260 |a [Humenné]  |b Humenské fotolaboratorium Gossanyi  |c 1941 
300 |a 1 pohľadnica (5 čiastkových pohľadov)  |b čiernobiela  |c 9 x 14 cm 
500 |a Názvové údaje prevzaté z obrazovej časti pohľadnice 
520 8 |a Zobrazenie: V bielom orámovaní pohľady na dominanty Medzilaboriec 
651 7 |a Medzilaborce (Slovensko)  |2 SNKPH  |9 22171 
655 7 |a miestne pohľadnice  |2 SNKPH  |9 70510 
852 |a Slovenská národná knižnica 
954 |a pohľadnice pôvodné (slovenské)  |2 lita 
958 |a GBN 
958 |a GC 
958 |a OND 
958 |a EUIPO 
999 |c 697149  |d 699079 
952 |a SNK  |b SNK  |y PREZ  |7 0  |p 17A1213469  |o snkSP 17951  |0 0  |1 0  |4 0  |d 2020-05-20  |f 1  |l 0  |r 2026-02-23 20:45:54  |w 2026-02-23